| Tag |
First Indicator |
Second Indicator |
Subfields |
| LEADER |
00000cam a2200000 i 4500 |
| 001 |
in00003889708 |
| 005 |
20180214132004.0 |
| 006 |
m o d f |
| 007 |
cr cn||||||||| |
| 008 |
170823s2015 vauab ob f000 0 eng c |
| 035 |
|
|
|a (OCoLC)on1001563695
|
| 040 |
|
|
|a GPO
|b eng
|e rda
|e pn
|c GPO
|d MvI
|d UtOrBLW
|
| 042 |
|
|
|a pcc
|
| 043 |
|
|
|a n-us-ma
|
| 049 |
|
|
|a WWW
|
| 050 |
|
4 |
|a QE75
|b .F3 no.2015-3030
|
| 074 |
|
|
|a 0621-L (online)
|
| 086 |
0 |
|
|a I 19.127:2015-3030
|
| 100 |
1 |
|
|a Smith, Kirk P.,
|e author.
|0 http://id.loc.gov/authorities/names/no00067796
|
| 245 |
1 |
0 |
|a Water quality in the Cambridge, Massachusetts, drinking-water source area, 2015-8 /
|c [by Kirk P. Smith and Marcus C. Waldron] ; prepared in cooperation with the Cambridge, Massachusetts, Water Department.
|
| 264 |
|
1 |
|a [Reston, Va.] :
|b U.S. Department of the Interior, U.S. Geological Survey,
|c 2015.
|
| 300 |
|
|
|a 1 online resource (6 pages) :
|b color illustrations, color maps.
|
| 336 |
|
|
|a text
|b txt
|2 rdacontent
|
| 337 |
|
|
|a computer
|b c
|2 rdamedia
|
| 338 |
|
|
|a online resource
|b cr
|2 rdacarrier
|
| 490 |
1 |
|
|a Fact sheet ;
|v 2015-3030
|
| 504 |
|
|
|a Includes bibliographical references (page 6).
|
| 588 |
|
|
|a Description based on online resource; title from PDF title page (USGS, viewed Aug. 23, 2017).
|
| 650 |
|
0 |
|a Water quality
|z Massachusetts
|z Cambridge.
|
| 650 |
|
0 |
|a Drinking water
|z Massachusetts
|z Cambridge.
|
| 650 |
|
7 |
|a Drinking water.
|2 fast
|0 (OCoLC)fst00898247
|
| 650 |
|
7 |
|a Water quality.
|2 fast
|0 (OCoLC)fst01171832
|
| 651 |
|
7 |
|a Massachusetts
|z Cambridge.
|2 fast
|0 (OCoLC)fst01205363
|
| 700 |
1 |
|
|a Waldron, Marcus C.,
|e author.
|0 http://id.loc.gov/authorities/names/no2001038294
|
| 710 |
2 |
|
|a Geological Survey (U.S.),
|e issuing body.
|0 http://id.loc.gov/authorities/names/n80092173
|
| 710 |
1 |
|
|a Cambridge (Mass.).
|b Water Department.
|0 http://id.loc.gov/authorities/names/no2001038280
|
| 776 |
0 |
8 |
|i Print version:
|a Smith, Kirk P.
|t Water quality in the Cambridge, Massachusetts, drinking-water source area, 2015-8
|w (OCoLC)915632587
|
| 830 |
|
0 |
|a Fact sheet (Geological Survey (U.S.)) ;
|v 2015-3030.
|0 http://id.loc.gov/authorities/names/no95018057
|
| 856 |
4 |
0 |
|u https://purl.fdlp.gov/GPO/gpo84005
|t 0
|
| 999 |
f |
f |
|s 453103dc-5c40-3d6d-b177-a4e6e7397e25
|i 597d4505-0b5f-3f6b-8c99-d2fcdafee38d
|t 0
|
| 952 |
f |
f |
|a Texas A&M University
|b College Station
|c Electronic Resources
|d Available Online
|t 0
|e I 19.127:2015-3030
|h Superintendent of Documents classification
|
| 998 |
f |
f |
|a I 19.127:2015-3030
|t 0
|l Available Online
|